000 00573nam a2200241Ia 4500
008 171120s9999 xx 000 0 und d
020 _a9710806157
050 _a398.2
050 _bA657 2009
100 _aAquino, Gaudencio V.
245 _aPhilippine legends /
245 _cby Gaudencio V. Aquino.
260 _aPhilippines :
260 _bNational Book Store,
260 _c2009
300 _a133 pages :
300 _billustrations ;
300 _c17cm.
650 _aLegends --
650 _aReaders.
650 _xPhilippines.
700 _aTitle.
999 _c345243
_d345243